[Event "EICC 2017"]
[Site "Minsk"]
[Date "2017.06.01"]
[Round "3"]
[White "Prohaszka, Peter"]
[Black "Artemiev, Vladislav"]
[Result "1/2-1/2"]
[WhiteElo "2596"]
[BlackElo "2682"]
[Annotator "TA"]
[PlyCount "163"]
[EventDate "2017.??.??"]
[EventCountry "BLR"]
[SourceTitle "playchess.com"]
[Source "ChessBase"]
[SourceQuality "1"]

{[%evp 20,163,20,26,48,40,50,50,76,29,45,45,67,60,68,64,56,61,65,56,50,50,45,28,68,33,73,91,132,129,133,130,133,138,161,167,163,163,166,161,164,161,160,156,159,165,172,159,164,156,184,170,174,139,159,167,302,297,287,279,283,279,296,238,305,230,227,228,342,336,307,227,364,360,359,186,186,179,158,141,147,107,106,106,111,101,127,70,85,48,116,87,90,102,100,87,88,87,90,85,160,56,75,11,15,0,0,0,0,0,0,0,0,0,0,0,0,0,0,0,0,0,115,0,0,0,122,0,29976,29977,29973,0,0,0,0,0,0,0,0,0,0,0,0,0,0,0]} 1. Nf3 d5 2. d4 Nf6 3. c4 c6 4. e3 Bf5 5. Nc3 e6 6. Nh4 Bg6 7. Be2 {D12: Slav Defence: 3 Nf3 Nf6 4 e3 Bf5} (7. Nxg6 hxg6 8. Bd3 c5 9. Qb3 Qd7 10. cxd5 exd5 11. dxc5 Nc6 12. Bd2 Bxc5 13. Rc1 Rd8 14. Na4 Bd6 15. Nc5 Bxc5 16. Rxc5 {0-1 (34) Wojtaszek,R (2745)-Topalov,V (2741) Shamkir 2017}) 7... Nbd7 8. O-O Bd6 9. g3 Qe7 10. Qb3 Rb8 11. Bd2 {LiveBook: 6 Games} Ne4 12. Nxe4 Bxe4 13. f3 dxc4 $146 ({Predecessor:} 13... Bg6 14. Rae1 dxc4 15. Qxc4 {½-½ (56) Vladimirov,B-Nei,I Moscow 1963}) 14. Bxc4 (14. Qxc4 $5 {[%cal Rf3e4]} Nb6 15. Qc3 $16) 14... Bg6 15. e4 b5 16. Be2 $1 (16. Nxg6 hxg6 17. Be2 Rxh2 $11) 16... O-O 17. Nxg6 hxg6 18. Rac1 c5 19. e5 (19. Bxb5 $2 a6 $19) 19... Bc7 20. dxc5 Nxe5 21. Be3 Qf6 22. f4 Nc6 {[%cal Be5c6,Bc6a5,Ba5c4][%mdl 32]} 23. Rcd1 (23. Bxb5 a6 $17) 23... Qe7 24. Bf3 $36 {[%mdl 2048] Black is under strong pressure.} Na5 25. Qc2 Nc4 26. Bf2 $1 Rfc8 27. Qc1 Qe8 28. b3 Na5 29. Qd2 Rd8 30. Qe2 Nc6 31. Rxd8 Bxd8 32. Rd1 Be7 33. Qd3 Rb7 34. a3 a6 35. b4 Rc7 36. Qe4 a5 37. Kg2 g5 (37... axb4 {is a better defense.} 38. axb4 Qa8) 38. fxg5 $18 axb4 39. axb4 Bxg5 40. Rd6 Ne7 41. Qd3 Rc8 42. Rb6 {[%cal Bd6b6,Bb6b5,Bb5d5][%mdl 32]} Nd5 43. Rxb5 Qd7 (43... Be3 $142 44. Bxd5 (44. Bxe3 Nxe3+ 45. Kh3 Rd8 $16) 44... Bxf2) 44. Bxd5 exd5 {[#]} 45. c6 $1 {[%mdl 512]} Rxc6 (45... Qxc6 $142 46. Rc5 (46. Qxd5 Qxd5+ 47. Rxd5 Bf6 $16) 46... Qe8 47. Rxc8 (47. Rxd5 Bf6 $18) (47. Qxd5 Rxc5 48. bxc5 Bd8 $18) 47... Qxc8 48. Qxd5 Bd8) 46. Rxd5 ({Weaker is} 46. Qxd5 Rd6 $16) 46... Qe7 47. Bc5 (47. b5 $142 Rc8 48. Qf5) 47... Qb7 48. Qe4 Rc7 49. h4 Bf6 50. Kh3 Qc8+ 51. Qf5 Qa8 52. Qd3 Qc8+ 53. Kh2 (53. g4 $16) 53... Rc6 $1 $14 54. Rd6 Rc7 (54... Rxd6 $14 55. Qxd6 Qf5) 55. h5 $16 Be7 56. Rd5 Bf6 57. Qf5 Qe8 58. h6 Rc6 59. hxg7 Re6 (59... Bxg7 $142 60. b5 Rh6+ 61. Kg2 Rf6) 60. Rd2 (60. Bf2 $1 $16) 60... Be5 $14 61. Kg2 ({White should play} 61. Rf2 $16) 61... Rg6 $1 $11 62. Bf2 {Threatens to win with Re2.} Bxg3 63. Bxg3 Rxg3+ 64. Kxg3 {And now Qg5 would win.} Qe3+ 65. Kg4 (65. Kh4 $5 {[%cal Rd2d8]} Qxd2 66. Kh5 $11) 65... Qxd2 {[%mdl 4096] Endgame KQ-KQ} 66. Qc5 {Intending Qf8+ and mate.} Kxg7 67. b5 {aiming for Qg5+.} Kf6 68. b6 Qd7+ 69. Kf4 Qa4+ 70. Ke3 {Threatening mate with Qd4+.} Qd7 {[#]} (70... Ke6 $1 $11) 71. Qb4 (71. Ke4 $1 $16) 71... Qe6+ 72. Kd3 {b7 is the strong threat.} (72. Kd2 $5 {[%cal Rb6b7]} Qd5+ 73. Kc2 Qg2+ 74. Kb3 $18) 72... Qd7+ {[#]} (72... Qf5+ $11 {remains equal.} 73. Kd2 Qf2+ 74. Kc1 Qf1+ 75. Kd2 Qf2+ 76. Kc1 Qf1+ 77. Kb2 Ke6) 73. Kc3 (73. Kc2 $1 $16 {Black must now prevent b7.} Qb7 74. Qd6+ Kg7 75. Kc3) 73... Ke6 $2 {[%mdl 8192]} (73... Qc6+ $11 74. Kb2 Qg2+ 75. Kb3 Qd5+ 76. Qc4 Qd7) 74. b7 Qc7+ 75. Kd4 $2 (75. Kb3 {mates} Qb8 76. Qg4+ f5 77. Qg7 Kd5 78. Qd7+ Ke4 79. Qc8 Qg3+ 80. Qc3) 75... Qe5+ {The position is equal.} 76. Kd3 Qb8 $1 77. Qb6+ (77. Qb5 $5 {[%cal Rd3e4]} Kd6 78. Qb6+ Kd7 79. Qf6 $11) 77... Kd7 $1 78. Ke4 {Hoping for Kd5.} f6 $1 79. Kf5 Qe5+ 80. Kg6 Qg5+ 81. Kf7 {White threatens Qe6+ and mate.} Qh5+ 82. Kg7 {Precision: White = 53%, Black = 59%.} 1/2-1/2

[Event "EICC 2017"]
[Site "Minsk"]
[Date "2017.06.01"]
[Round "3"]
[White "Ponkratov, Pavel"]
[Black "Ragger, Markus"]
[Result "1-0"]
[WhiteElo "2590"]
[BlackElo "2680"]
[Annotator "TA"]
[PlyCount "111"]
[EventDate "2017.??.??"]
[EventCountry "BLR"]
[SourceTitle "playchess.com"]
[Source "ChessBase"]
[SourceQuality "1"]

{[%evp 19,111,-14,0,-16,0,-14,-2,0,0,-23,20,5,20,18,72,38,74,71,70,59,118,113,117,123,126,81,138,124,170,174,233,212,191,179,345,333,360,359,360,360,360,359,339,300,579,600,596,451,425,602,548,425,826,826,852,852,2751,844,837,837,830,806,725,724,724,593,593,593,725,725,725,488,488,488,670,597,725,725,725,725,725,725,725,671,652,642,1265,1297,1287,1166,1143,1040,1139,1139]} 1. c4 e5 2. Nc3 Bb4 3. Nd5 Bc5 4. Nf3 c6 5. Nc3 d6 6. g3 {A21: English Opening: 1...e5 2 Nc3} Nf6 7. Bg2 Bb6 $146 ({Predecessor:} 7... O-O 8. O-O Re8 9. d3 h6 10. Na4 Bb4 11. a3 Ba5 12. b4 Bc7 {½-½ (44) Caruana,F (2823)-Anand,V (2779) London 2016}) 8. O-O O-O 9. d3 Re8 10. Rb1 h6 {LiveBook: 10 Games} 11. e4 d5 12. b4 Be6 13. exd5 cxd5 14. Bb2 Nbd7 15. Nd2 {[%cal Rc4d5]} Nf8 16. Na4 Bc7 (16... Bd4 $11 {keeps the balance.}) 17. Nc5 $16 Bg4 18. Qb3 {[%cal Rc4d5]} ({Worse is} 18. Nxb7 Qc8 $17) 18... b6 19. Na6 {[%cal Rc4d5]} Bd6 ({Black should play} 19... dxc4 $1 $14 20. Nxc4 (20. Qxc4 Bd6 $14) (20. dxc4 Rc8 $14) 20... Rc8) 20. cxd5 Bc8 21. b5 Bb7 22. Rfe1 Ng6 (22... Qd7 $142) 23. Rbc1 Qd7 24. Ne4 Nxd5 (24... Nxe4 $142 25. dxe4 Rac8) 25. Nxd6 $18 Qxd6 26. Ba3 $36 {[%mdl 2048] White is in control.} Qd8 $2 (26... Qd7) 27. Nb4 $1 Nxb4 28. Bxb7 Nxd3 {[#]} 29. Rcd1 $1 {[%cal Rd1d3]} Nxe1 30. Rxd8 Raxd8 31. Be4 Nf4 $2 (31... Nf8 {keeps fighting.} 32. Qb1 Ne6 33. Qxe1 Nd4) 32. gxf4 {White is clearly winning.} exf4 33. Bd5 Re5 34. Bxf7+ Kh8 {...Rd3 is the strong threat.} 35. Bc4 f3 (35... Rd2 $142 36. Bb4 Rd4) 36. Bb2 Rg5+ 37. Kf1 Rg2 38. Kxe1 (38. Qe3 $142 Rxh2 {[#]} 39. Bxg7+ $1 {[%mdl 512]} Kh7 40. Qe4+ Kxg7 41. Qe7+ Kg6 42. Bf7+ Kf5 43. Qe6+ Kf4 44. Qe3+ Kf5 45. Qe6+ Kf4 46. Qf6+ Ke4 47. Bg6+ Kd5 48. Qxd8+ Kc5 49. Qc7+ Kd5 50. Qc6+ Ke5 51. Qe8+ Kd6 52. Qb8+ Kc5 53. Qxh2) 38... Rg1+ 39. Bf1 Re8+ 40. Kd2 Rxf1 41. Qxf3 Rfe1 42. Qh5 {White threatens Qxh6+ and mate.} R1e6 43. Kc2 Kg8 44. Kb3 R6e7 45. Qg6 Rf8 46. Bd4 Rd8 47. Qg4 Kh7 48. a4 Rd5 49. Bc3 Rg5 50. Qd4 Rf5 51. f4 Ref7 52. Qe4 g5 53. fxg5 hxg5 54. Qg4 {White wants to mate with Qh5+.} Kg6 55. h4 {[%cal Bh2h4,Bh4g5][%mdl 32]} Rh7 56. hxg5 {Precision: White = 76%, Black = 19%.} 1-0

[Event "EICC 2017"]
[Site "Minsk"]
[Date "2017.06.01"]
[Round "3"]
[White "Can, Emre"]
[Black "Navara, David"]
[Result "0-1"]
[WhiteElo "2589"]
[BlackElo "2739"]
[Annotator "TA"]
[PlyCount "104"]
[EventDate "2017.??.??"]
[EventCountry "BLR"]
[SourceTitle "playchess.com"]
[Source "ChessBase"]
[SourceQuality "1"]

{[%evp 19,104,10,12,12,12,12,12,12,9,14,17,11,18,18,1,0,0,0,0,0,31,31,27,25,27,12,10,0,18,25,25,0,0,0,0,-28,-25,-30,-27,-42,-42,-50,-43,-47,-13,-12,-16,-56,-52,-52,-52,-52,-52,-52,-52,-60,-59,-85,-85,-85,-85,-85,-85,-85,-45,-224,-92,-85,-12828,-12831,-12830,-12829,-12825,-12837,-12838,-12841,-12842,-12842,-12843,-12843,-12843,-12844,-12844,-12845,-12845,-12847,0]} 1. d4 Nf6 2. c4 g6 3. Nc3 d5 4. Nf3 Bg7 5. Qb3 dxc4 6. Qxc4 O-O 7. e4 a6 8. Be2 b5 9. Qb3 c5 10. dxc5 Be6 11. Qc2 {D97: Grünfeld: Russian System: 7 e4, replies other than 7...Bg4} Nbd7 {[%cal Bb8d7,Bd7c5,Bc5e4][%mdl 32]} 12. Be3 Rc8 13. Rd1 {Hoping for Ng5.The position is equal.} b4 14. Nd5 Bxd5 15. exd5 {c6 is the strong threat.} Nxc5 16. O-O ({But not} 16. Bxc5 Qa5 $15) 16... Qd6 17. Qc4 Nce4 18. Qxa6 Rc2 {[#]} 19. Bd4 $146 Nc5 20. Qxd6 exd6 21. Bb5 {And now Ne1 would win.} Nfe4 $1 22. Ne1 Rd2 23. Nf3 Rxd1 24. Rxd1 Ra8 25. Bc4 Na4 26. Bxg7 Kxg7 27. Rd4 Nec5 28. Bb3 Nxb2 29. Rxb4 Nxb3 30. Rxb3 Rxa2 $11 {[%mdl 4096] Endgame ( -> ...Ra1+). KRN-KRN} 31. h3 Nd1 32. Ng5 Rxf2 33. Rd3 Nb2 34. Rb3 Rf5 $1 {[%cal Rf5g5]} 35. Nxf7 Kxf7 36. Rxb2 $15 {KR-KR} Kf6 37. Rb5 h5 38. g3 Ke5 39. Kg2 Ke4 40. Rb4+ Kxd5 41. Rb1 Rf6 42. g4 $2 {[#]} (42. h4 $1 $15) 42... hxg4 (42... h4 $1 $19 {has better winning chances.} 43. Re1 Kc4 44. Rc1+ Kb5) 43. hxg4 $17 Kc5 $2 {[%mdl 8192]} (43... Kc6 $17 44. Rc1+ Kb5) 44. Rc1+ $19 {Black is clearly winning.} Kd4 45. Kg3 {[#]} d5 $1 {[%cal Bd6d5,Bd5d4,Bd4d3][%mdl 32]} 46. g5 Re6 47. Kf4 Re4+ 48. Kg3 Ke5 49. Rf1 d4 50. Rf8 d3 51. Re8+ Kd4 52. Rg8 Ke5 $2 {[%mdl 32768] Precision: White = 62%, Black = 68%. . Sensor Board Error (Ke4/e5)?} ({Black should play} 52... d2 $19 53. Kf2 Re1 54. Rd8+ Kc3 55. Kf3 d1=Q+ 56. Rxd1 Rxd1 57. Ke4 Re1+ 58. Kd5 Re2 59. Kc5 Rd2 60. Kb5 Rd5+ 61. Kc6 Kc4 62. Kb6 Rd6+ 63. Kb7 Kb5 64. Kc7 Rd2 65. Kb7 Rc2 66. Ka8 Kb6 67. Kb8 Rc5 68. Ka8 Rc8#) 0-1

[Event "EICC 2017"]
[Site "Minsk"]
[Date "2017.06.01"]
[Round "3"]
[White "Potkin, Vladimir"]
[Black "Molchanov, Oleksii"]
[Result "1/2-1/2"]
[WhiteElo "2588"]
[BlackElo "2334"]
[Annotator "TA"]
[PlyCount "115"]
[EventDate "2017.??.??"]
[EventCountry "BLR"]
[SourceTitle "playchess.com"]
[Source "ChessBase"]
[SourceQuality "1"]

{[%evp 14,115,21,21,24,22,20,17,29,29,29,29,43,29,29,27,38,34,34,31,43,36,38,25,43,43,47,43,43,33,46,22,47,47,56,38,42,43,39,23,23,23,23,23,23,23,23,23,25,31,25,23,25,23,23,14,35,23,23,19,20,0,0,0,0,0,0,0,0,0,0,-446,-439,-412,-390,-288,0,0,0,0,0,0,0,0,0,0,0,0,0,0,0,0,0,0,0,0,0,0,0,0,0,0,0,0]} 1. c4 Nf6 2. Nc3 e5 3. Nf3 Nc6 4. g3 Nd4 5. Bg2 Nxf3+ 6. Bxf3 Bb4 7. Qb3 Bc5 8. O-O O-O {A29: English Opening: Four Knights Variation with 4 g3} 9. Na4 Bd6 10. Rd1 Qe7 11. d4 exd4 12. Rxd4 Be5 13. Rd1 Re8 14. Bg2 ({Wrong is} 14. Bxb7 $2 Rb8 $19) 14... c6 {[#]} 15. e4 $146 ({Predecessor:} 15. c5 d5 16. cxd6 Bxd6 {½-½ (36) Sethuraman,S (2640)-Mamedyarov,S (2736) Baku 2015}) 15... Bc7 16. Nc3 Ng4 17. h3 Ne5 ({But not} 17... Nxf2 $6 18. Kxf2 Qc5+ 19. Be3 $16) 18. Be3 d6 19. f4 Nd7 20. Qc2 a5 21. Rd2 Nc5 22. Re1 Qf8 23. b3 f6 24. Bf2 Be6 25. Ne2 f5 26. Nd4 Nxe4 27. Bxe4 fxe4 28. Nxe6 Rxe6 29. Rxe4 Rxe4 30. Qxe4 Re8 31. Qf3 Qe7 32. Kg2 g6 33. Qd3 Qe6 34. g4 Kf7 35. Kf3 Qf6 36. Qd4 Qe6 37. Bg3 Bb6 38. Qd3 $1 Qf6 {[#] Strongly threatening ...Re3+.} 39. Bf2 Bxf2 40. Rxf2 $11 {[%mdl 4096] Endgame KQR-KQR} Qa1 41. Kg2 {aiming for f5.} Re1 42. f5 $2 {[%mdl 8192]} (42. Qc2 $11) 42... Rg1+ $19 43. Kf3 Qe5 {[%csl Ge5][%cal Rg1g3]} 44. fxg6+ hxg6 $2 (44... Kg7 $19 {[%csl Ge5][%cal Rg1g3]} 45. Rg2 Rh1) 45. Qe3 $11 {The position is equal.} Rg3+ 46. Ke2+ Ke6 (46... Ke7 {feels hotter.} 47. Qxe5+ dxe5 48. Rf3 Rg1 49. Ke3 Re1+) 47. Qxe5+ Kxe5 {KR-KR} 48. Rf7 $1 Rxh3 49. Rxb7 {[#]} a4 $1 {[%mdl 512]} 50. Re7+ (50. bxa4 Rc3) 50... Kd4 51. Re6 Rh2+ 52. Kf3 a3 (52... Rxa2 $5 {[%cal Ra4b3]} 53. bxa4 Ra3+ 54. Kf4 Kc5 $11) 53. Rxd6+ Kc5 54. Rxg6 Rxa2 {Hoping for ...Rb2.} 55. b4+ Kxc4 {And now ...Kb5 would win.} 56. Rxc6+ Kb5 57. Rc1 Kxb4 58. Ke4 {Precision: White = 69%, Black = 70%.} 1/2-1/2

[Event "EICC 2017"]
[Site "Minsk"]
[Date "2017.06.01"]
[Round "3"]
[White "Alekseenko, Kirill"]
[Black "Jakovenko, Dmitry"]
[Result "1/2-1/2"]
[WhiteElo "2585"]
[BlackElo "2718"]
[Annotator "TA"]
[PlyCount "194"]
[EventDate "2017.??.??"]
[EventCountry "BLR"]
[SourceTitle "playchess.com"]
[Source "ChessBase"]
[SourceQuality "1"]

{[%evp 11,194,-1,12,10,11,24,16,23,27,0,25,5,7,8,13,0,0,0,6,-9,0,-39,-27,-35,-16,-11,-8,-29,-24,-31,-20,-24,-4,-7,-7,0,0,0,0,0,0,-14,0,0,0,11,12,11,18,4,54,58,80,29,56,76,56,60,61,31,60,12,291,264,227,53,227,222,172,90,93,89,85,79,79,70,102,70,70,70,70,70,70,70,70,70,70,70,85,86,102,102,102,102,102,102,102,102,102,102,102,102,102,102,102,0,102,102,102,102,102,102,102,102,102,8,8,8,8,8,8,8,8,8,8,8,8,8,8,8,8,8,8,0,8,0,0,0,0,0,0,0,0,0,0,0,0,0,0,0,0,0,0,0,0,0,0,0,0,0,0,0,0,0,0,0,0,0,0,0,0,0,0,0,0,0,0,0,0,0,0,0,0,0,0]} 1. e4 e5 2. Nf3 Nc6 3. Bb5 Nf6 4. d3 Bc5 5. Nbd2 O-O 6. Nb3 {C65: Ruy Lopez: Berlin Defence (3...Nf6), unusual lines and 4 0-0 Bc5} Bd6 {LiveBook: 4 Games} 7. O-O a6 $146 ({Predecessor:} 7... Re8 8. Bg5 h6 9. Bh4 a6 10. Bxc6 dxc6 11. Na5 c5 12. Qe1 Qe7 {0-1 (42) Bartel,M (2623)-Balogh,C (2659) Germany 2016}) 8. Bxc6 dxc6 9. Bg5 c5 10. Nbd2 Qe7 (10... h6 $5 {[%cal Rh6g5]} 11. Bh4 b5 $11) 11. Nc4 Qe6 12. Nfd2 h6 13. Bh4 b5 14. Ne3 g6 15. Qf3 Nh5 16. Nb1 Nf4 17. Nc3 c6 18. a4 Bd7 19. h3 Kg7 20. b3 f6 21. Ra2 b4 22. Ne2 Qf7 23. Nc4 Bc7 24. Bg3 {[%cal Re2f4]} Ne6 25. Qe3 g5 26. Qd2 Rab8 27. f3 h5 28. h4 $36 {[%mdl 2048] Black is under pressure.} gxh4 29. Bxh4 Qg6 30. Raa1 Kh7 31. Kf2 Rg8 32. Rg1 (32. g4 $16) 32... Nd4 33. Raf1 $1 Be6 34. Nxd4 cxd4 35. g4 hxg4 36. fxg4 Bxg4 $2 {[%mdl 8192]} (36... Rgf8 $11 {and Black stays safe.}) 37. Ke1 $18 Rbf8 38. Rf2 $2 (38. Qxb4 Qh6 $15) (38. Rg2 $1 $18) 38... Rg7 $2 (38... Qh5 $1 $14 39. Rg3 Rg6) 39. Rfg2 f5 {[#] Black wants to play ...Rff7.} 40. exf5 (40. Qxb4 $2 Qh6 $19) (40. Be7 $1 $18 {[%cal Re7f8][%mdl 512]} Rxe7 41. exf5 Rxf5 42. Rxg4) 40... Qxf5 $16 {[#]} 41. Qf2 $1 {[%cal Rf2f5]} (41. Qxb4 $6 e4 $11) ({Of course not} 41. Be7 $6 Rff7 $11) 41... Qxf2+ 42. Bxf2 Rf4 43. Bg3 Bf3 44. Bxf4 (44. Rh2+ {keeps more tension.} Kg8 45. Bxf4 Rxg1+ 46. Kf2 Rg7 47. Kxf3 exf4 48. Rh6) 44... Bxg2 45. Bxe5 Bxe5 46. Nxe5 Re7 47. Rxg2 Rxe5+ $14 {[%mdl 4096] Endgame KR-KR} 48. Kf2 Rf5+ $1 49. Ke2 a5 50. Rg4 Rc5 51. Kd2 ({Much weaker is} 51. Rxd4 Rxc2+ 52. Ke3 Rc3 $11) 51... Rd5 52. Re4 Kg6 53. Re6+ Kf5 54. Rxc6 Kf4 55. Rb6 Rg5 56. Re6 Rd5 57. Rh6 Rg5 58. Re6 Rd5 $1 59. Re4+ Kf5 60. Rh4 Kg5 61. Rh8 Kf4 62. Ke2 Re5+ {[#]} 63. Kf2 (63. Kd1 $1 $16) 63... Rc5 $11 {The position is equal.} 64. Rh4+ Kg5 65. Rxd4 Rxc2+ 66. Ke3 {With the idea Rd5+.} Rc3 67. Rd5+ Kf6 68. Rxa5 Rxb3 69. Rb5 (69. Ra8 $5 {[%cal Ra4a5]} Ke5 70. Rb8 $16) 69... Ke6 70. Ke4 {next d4 is good for White.} Kd6 71. d4 Kc6 72. d5+ Kd6 73. Kd4 Rb1 $1 74. Kc4 Rc1+ 75. Kxb4 Rb1+ 76. Ka5 Ra1 77. Rb4 Kc5 78. d6 (78. Rb3 {is more complex.} Kxd5 79. Kb4 Kc6 80. a5 Rf1 81. Ka4) 78... Kxd6 79. Kb6 Kd7 $1 80. Rc4 (80. a5 $5 {[%cal Ra5a6]} Kc8 81. Rf4 Rb1+ 82. Ka7 $16) 80... Rb1+ 81. Ka7 {Hoping for a5.} Rb2 82. a5 Rb1 83. a6 Rb2 84. Rh4 Kc7 85. Rh7+ (85. Rh1 $5 {[%cal Rh1c1]} Kc6 86. Rh6+ Kc7 87. Rh3 $16) 85... Kc8 86. Rb7 Rc2 87. Rb8+ Kc7 88. Rg8 {Threatens to win with Rg5.} ({Don't play} 88. Rb7+ $6 Kc6 $16) 88... Rb2 89. Rg7+ Kc8 90. Rg4 {Black must now prevent Rc4+.} Kc7 91. Rc4+ Kd7 92. Rc5 {And now Ka8 would win.} Rb1 93. Ka8 {Strongly threatening Rc2.} Rb2 94. Rc3 {aiming for Rc4.} Rb1 95. Rh3 {a7 is the strong threat.} Kc7 96. Rh7+ (96. a7 $5 {[%cal Rh3c3]}) 96... Kc8 97. Rh8+ (97. Rb7 $5 {[%cal Rb7b1]} Ra1 98. Ka7 $16) 97... Kc7 {Precision: White = 54%, Black = 75%.} 1/2-1/2

[Event "EICC 2017"]
[Site "Minsk"]
[Date "2017.06.01"]
[Round "3"]
[White "Jojua, Davit"]
[Black "Dubov, Daniil"]
[Result "1/2-1/2"]
[WhiteElo "2581"]
[BlackElo "2660"]
[Annotator "TA"]
[PlyCount "41"]
[EventDate "2017.??.??"]
[EventCountry "BLR"]
[SourceTitle "playchess.com"]
[Source "ChessBase"]
[SourceQuality "1"]

{[%evp 9,41,25,39,29,21,29,36,24,32,0,0,6,24,8,13,6,9,0,0,0,0,0,0,0,0,0,0,-14,0,0,0,0,0,8]} 1. d4 Nf6 2. c4 g6 3. Nc3 d5 4. Bg5 c5 (4... Bg7 5. Bxf6 Bxf6 6. cxd5 c5 7. Nf3 cxd4 8. Nxd4 Qb6 9. Nb3 O-O 10. Qd2 Rd8 11. Rd1 Na6 12. e4 Bg4 13. Be2 Bxe2 14. Qxe2 Nb4 15. e5 Bg7 16. Nc1 Qa5 17. Nb3 Qb6 18. Nc1 Qa5 19. Nb3 {½-½ (19) Inarkiev,E (2727)-Nepomniachtchi,I (2751) Moscow 2017}) 5. Bxf6 $146 ({Predecessor:} 5. dxc5 d4 6. Bxf6 exf6 7. Nd5 Bxc5 8. b4 Bb6 9. c5 Qxd5 10. cxb6 axb6 11. e3 Rxa2 12. Rc1 {1-0 (21) Lorke,C-Stein,M Passau 1997}) 5... exf6 6. cxd5 {D80: Grünfeld: Unusual White 4th moves and 4 Bg5} Qb6 7. e3 cxd4 8. Bb5+ {White is slightly better.} Nd7 9. Qxd4 (9. exd4 {is more complex.} a6 10. Qe2+ Be7 11. Bc4 Qd6 12. Kf1) 9... Qxd4 10. exd4 Be7 (10... a6 $5 {[%cal Ra6b5]} 11. Bd3 f5 $14) 11. Nf3 O-O {The position is equal.} 12. O-O Rd8 13. Rfe1 Bf8 14. Bc4 Nb6 15. Bb3 a5 16. a4 Bf5 17. Nd2 {[%cal Bf3d2,Bd2e4,Be4f6,Bf6d7][%mdl 32]} Rac8 18. f3 Bd7 19. Nde4 f5 20. Nf6+ Kg7 21. Nxd7 {Precision: White = 60%, Black = 73%.} 1/2-1/2

[Event "EICC 2017"]
[Site "Minsk"]
[Date "2017.06.01"]
[Round "3"]
[White "Palac, Mladen"]
[Black "Lupulescu, Constantin"]
[Result "1/2-1/2"]
[WhiteElo "2573"]
[BlackElo "2631"]
[Annotator "TA"]
[PlyCount "31"]
[EventDate "2017.??.??"]
[EventCountry "BLR"]
[SourceTitle "playchess.com"]
[Source "ChessBase"]
[SourceQuality "1"]

{[%evp 12,19,25,23,22,18,35,18,28,9]} 1. e4 c5 2. Nf3 Nc6 3. Bb5 g6 4. Bxc6 dxc6 5. d3 Bg7 6. h3 Nf6 7. Nc3 O-O {B31: Sicilian: 2...Nc6 3 Bb5 g6} 8. a4 (8. Bf4 Nh5 9. Be3 Qd6 10. Qd2 e5 11. O-O-O b5 12. Ne2 b4 13. g4 Nf6 14. Ng3 a5 15. c4 {0-1 (45) Vallejo Pons,F (2710)-Radjabov,T (2710) Moscow 2017}) 8... a5 9. Be3 b6 10. Bf4 {Predecessor:} Nd7 $146 11. Qd2 Re8 12. g4 e5 13. Bg5 f6 14. Bh6 Nf8 15. Bxg7 Kxg7 16. Ne2 {0-1 (44) Peters,J (1976)-Gostelow,D (2040) England 2015} 1/2-1/2

[Event "EICC 2017"]
[Site "Minsk"]
[Date "2017.06.01"]
[Round "3"]
[White "Svetushkin, Dmitry"]
[Black "Ponomariov, Ruslan"]
[Result "1/2-1/2"]
[WhiteElo "2573"]
[BlackElo "2712"]
[Annotator "TA"]
[PlyCount "29"]
[EventDate "2017.??.??"]
[EventCountry "BLR"]
[SourceTitle "playchess.com"]
[Source "ChessBase"]
[SourceQuality "1"]

{[%evp 14,29,65,75,68,67,68,60,81,76,68,64,79,18,31,13,30,18]} 1. e4 c5 2. Nf3 e6 3. d4 cxd4 4. Nxd4 a6 5. Nc3 Qc7 6. Bd3 g6 7. Be3 {B43: Sicilian: Kan Variation: 5 Nc3} (7. O-O Bg7 8. Be3 Nf6 9. a4 Nc6 10. Nb3 b6 11. f4 d6 12. Kh1 O-O 13. Qe2 Nd7 14. Qf2 Nc5 15. Rad1 Nb4 16. Nd4 f5 17. exf5 Ncxd3 18. cxd3 gxf5 {1-0 (84) Ponomariov,R (2710)-Papin,V (2502) Berlin 2015}) 7... Bg7 8. Qd2 {LiveBook: 4 Games} Nf6 9. Bh6 {White is slightly better.} O-O 10. O-O-O $146 ({Predecessor:} 10. Bxg7 Kxg7 11. Qg5 Nh5 12. Qe7 Qb6 13. Nb3 d6 14. O-O-O Qd8 15. Qxd8 Rxd8 {½-½ (27) Damaso,R (2399)-Spraggett,K (2521) Porto 1999}) 10... b5 11. Bxg7 Kxg7 12. h4 {Hoping for h5.} h5 13. f3 ({Better is} 13. Nd5 $16 Qd8 14. Nxf6 Qxf6 15. Nb3) 13... Nc6 $11 14. Nxc6 dxc6 15. Be2 (15. g4 $5) 1/2-1/2